000 00385nam a2200133Ia 4500
008 220204s9999 xx 000 0 und d
082 _a633.2.033+635.116(213.5)
_bBOG
100 _aBOGDAN, A V
245 0 _aTropical pasture and fodder plants: Grasses and legumes
260 _aLondon
_bLongman
_c1977
490 _aTropical agriculture series
650 _aFodder plants
942 _cBK
999 _c27327
_d27327